Subdivisions of Antigua and Barbuda - Statistics

General Stats
  • This quiz has been taken 20 times
  • The average score is 6 of 8
Answer Stats
Answer % Correct
Barbuda
100%
Saint John
92%
Saint Paul
92%
Saint George
83%
Saint Mary
83%
Saint Philip
75%
Saint Peter
58%
Redonda
17%
No matching quizzes found
Score Distribution
Percent of People with Each Score
Percentile by Number Answered
Your Score History
You have not taken this quiz